Informática (Registro nro. 2525)

Detalles MARC
000 -LEADER
fixed length control field 01722 a2200265 4500
001 - CONTROL NUMBER
control field 34981
005 - DATE AND TIME OF LATEST TRANSACTION
control field 20260407155635.0
008 - FIXED-LENGTH DATA ELEMENTS--GENERAL INFORMATION
fixed length control field 260407a1990 arg spa d
003 - CONTROL NUMBER IDENTIFIER
control field AR-UNSa-BCEJYS
040 ## - CATALOGING SOURCE
Original cataloging agency AR-UNSa-BCEJYS
Language of cataloging spa
Transcribing agency AR-UNSa-BCEJYS
080 ## - UNIVERSAL DECIMAL CLASSIFICATION NUMBER
Universal Decimal Classification number 004
Common auxiliary subdivision Ciencia y tecnología de los ordenadores. Informática
020 ## - INTERNATIONAL STANDARD BOOK NUMBER
International Standard Book Number 968-422-575-X
041 ## - LANGUAGE CODE
Language code of text/sound track or separate title spa
100 1# - MAIN ENTRY--PERSONAL NAME
Personal name Sanders, Donald H.
245 10 - TITLE STATEMENT
Title Informática
Name of part/section of a work presente y futuro
250 ## - EDITION STATEMENT
Edition statement 2a. ed.
264 #1 - PRODUCTION, PUBLICATION, DISTRIBUTION, MANUFACTURE, AND COPYRIGHT NOTICE
Place of production, publication, distribution, manufacture México :
Name of producer, publisher, distributor, manufacturer McGraw-Hill
Date of production, publication, distribution, manufacture, or copyright notice 1990
300 ## - PHYSICAL DESCRIPTION
Extent xxx, 887 p.
Dimensions 25 cm.
505 ## - FORMATTED CONTENTS NOTE
Formatted contents note 1. Las computadoras en el mundo actual - 2. Cómo usar los programas de computadora - 3. Cómo adquirir programas para computadora - 4. Efecto de las computadoras sobre la sociedad - 5. Conceptos y componentes de los procesadores centrales - 6. Captura de datos - 7. Almacenamiento secundario y salida - 8. Cómo integrar las piezas: computadoras personales y sistemas más grandes - 9. Comunicación de datos: sistemas y redes - 10. Programas para manipular textos - 11. Programas para analizar datos - 12. Programas para almacenar y recuperar información - 13. Paquetes integrados - 14. Análisis y diseño de sistemas de información - 15. Preparación de programas: prácticas y lenguajes - 16. Sistemas de información gerencial: conceptos - 17. Sistemas de información gerencial: aspectos - 18. Análisis de programas: conceptos y ejemplos - 19. El basic básico - 20. Más sobre el basic
590 ## - LOCAL NOTE (RLIN)
Local note niveau_biblio:m niveau_hierar:0
700 1# - ADDED ENTRY--PERSONAL NAME
Personal name Escalona, Roberto Luis
700 1# - ADDED ENTRY--PERSONAL NAME
Personal name Torfer Martell, Alberto
856 41 - ELECTRONIC LOCATION AND ACCESS
Uniform Resource Identifier <a href="https://biblioeco.unsa.edu.ar/pmb/images/libros/informaticPresFut.jpg">https://biblioeco.unsa.edu.ar/pmb/images/libros/informaticPresFut.jpg</a>
Link text Imagen de portada
Electronic format type image/jpeg
942 ## - ADDED ENTRY ELEMENTS (KOHA)
Koha item type
Existencias
Withdrawn status Lost status Damaged status Not for loan Home library Current library Shelving location Date acquired Total checkouts Full call number Barcode Date last seen Price effective from Koha item type
        Biblioteca Prof. Eusebio Cleto del Rey Biblioteca Prof. Eusebio Cleto del Rey   07/04/2026   004 S214 2ed. L58735 07/04/2026 07/04/2026 Libro
        Biblioteca Prof. Eusebio Cleto del Rey Biblioteca Prof. Eusebio Cleto del Rey   07/04/2026   004 S214 2ed. L53678 07/04/2026 07/04/2026 Libro
        Biblioteca Prof. Eusebio Cleto del Rey Biblioteca Prof. Eusebio Cleto del Rey   07/04/2026   004 S214 2ed. L53677 07/04/2026 07/04/2026 Libro
        Biblioteca Prof. Eusebio Cleto del Rey Biblioteca Prof. Eusebio Cleto del Rey   07/04/2026   004 S214 2ed. L53679 07/04/2026 07/04/2026 Libro
        Biblioteca Prof. Eusebio Cleto del Rey Biblioteca Prof. Eusebio Cleto del Rey   07/04/2026   004 S214 2ed. L53862 07/04/2026 07/04/2026 Libro
        Biblioteca Prof. Eusebio Cleto del Rey Biblioteca Prof. Eusebio Cleto del Rey   07/04/2026   004 S214 2ed. L53673 07/04/2026 07/04/2026 Libro
        Biblioteca Prof. Eusebio Cleto del Rey Biblioteca Prof. Eusebio Cleto del Rey   07/04/2026   004 S214 2ed. L53680 07/04/2026 07/04/2026 Libro
        Biblioteca Prof. Eusebio Cleto del Rey Biblioteca Prof. Eusebio Cleto del Rey   07/04/2026   004 S214 2ed. L53865 07/04/2026 07/04/2026 Libro
        Biblioteca Prof. Eusebio Cleto del Rey Biblioteca Prof. Eusebio Cleto del Rey   07/04/2026   004 S214 2ed. L53859 07/04/2026 07/04/2026 Libro
        Biblioteca Prof. Eusebio Cleto del Rey Biblioteca Prof. Eusebio Cleto del Rey   07/04/2026   004 S214 2ed. L53861 07/04/2026 07/04/2026 Libro
        Biblioteca Prof. Eusebio Cleto del Rey Biblioteca Prof. Eusebio Cleto del Rey   07/04/2026   004 S214 2ed. L53676 07/04/2026 07/04/2026 Libro
        Biblioteca Prof. Eusebio Cleto del Rey Biblioteca Prof. Eusebio Cleto del Rey   07/04/2026   004 S214 2ed. L53674 07/04/2026 07/04/2026 Libro
        Biblioteca Prof. Eusebio Cleto del Rey Biblioteca Prof. Eusebio Cleto del Rey   07/04/2026   004 S214 2ed. L53863 07/04/2026 07/04/2026 Libro
        Biblioteca Prof. Eusebio Cleto del Rey Biblioteca Prof. Eusebio Cleto del Rey   07/04/2026   004 S214 2ed. L53672 07/04/2026 07/04/2026 Libro